000 00328 a2200157 4500
001 160946
020 _a
040 _cMagnum
100 _aLucio, Neio
240 1 0 _aA vida fala - 1
_lpor
245 1 0 _aA vida fala - 1
362 0 _a1899
440 1 _aFederação Espírita Brasileira
697 _aIJ/GERAL
942 _cBK
999 _c160946
_d160946